UBT Library

Trees & shrubs / (Record no. 40573)

000 -LEADER
fixed length control field 00602cam a2200217 a 4500
001 - CONTROL NUMBER
control field 500441
005 - DATE AND TIME OF LATEST TRANSACTION
control field 20180119070631.0
008 - FIXED-LENGTH DATA ELEMENTS--GENERAL INFORMATION
fixed length control field 851004s1986 azua 001 0 eng
010 ## - LIBRARY OF CONGRESS CONTROL NUMBER
LC control number 85081858
020 ## - INTERNATIONAL STANDARD BOOK NUMBER
International Standard Book Number 0895863723 (pbk.) :
Terms of availability $9.95
040 ## - CATALOGING SOURCE
Original cataloging agency DLC
Transcribing agency DLC
Modifying agency DLC
041 ## - LANGUAGE CODE
Language code of text/sound track or separate title eng
080 ## - UNIVERSAL DECIMAL CLASSIFICATION NUMBER
Universal Decimal Classification number 635.977 DER
082 00 - DEWEY DECIMAL CLASSIFICATION NUMBER
Classification number 635.977 DER
Edition number 19
100 1# - Rafti
Rafti 9
101 ## - Shkurtesa
Shkurtesa MJE
245 10 - TITLE STATEMENT
Title Trees & shrubs /
Statement of responsibility, etc by Derek Fell ; photography by Derek Fell ; illustrations by Joan Frain.
740 0# - ADDED ENTRY--UNCONTROLLED RELATED/ANALYTICAL TITLE
Uncontrolled related/analytical title Trees and shrubs.
906 ## - LOCAL DATA ELEMENT F, LDF (RLIN)
a 7
b cbc
c orignew
d 2
e opcn
f 19
g y-gencatlg
942 ## - ADDED ENTRY ELEMENTS (KOHA)
Source of classification or shelving scheme
Item type Books
Holdings
Withdrawn status Lost status Source of classification or shelving scheme Damaged status Not for loan Collection code Permanent location Current location Shelving location Date acquired Total Checkouts Full call number Barcode Date last seen Price effective from Koha item type
          Koleksioni i përgjithshem UBT - Lipjan UBT - Lipjan Koleksioni i përgjithshem 01/19/2018   635.977 DER 002-2995853 01/19/2018 01/19/2018 Books
UBT Library © 2015-2024. All rights reserved University Education for Business and Technology